Climate change, economic instruments and income distribution
Αποθηκεύτηκε σε:
| Συγγραφή απο Οργανισμό/Αρχή: | |
|---|---|
| Μορφή: | Βιβλίο |
| Γλώσσα: | English |
| Δημοσίευση: |
Paris :
OECD,
1995
|
| Θέματα: | |
| Ετικέτες: |
Προσθήκη ετικέτας
Δεν υπάρχουν, Καταχωρήστε ετικέτα πρώτοι!
|
MARC
| LEADER | 00000cam a2200000 i 4500 | ||
|---|---|---|---|
| 001 | 1/3861 | ||
| 008 | 960429s1995 eng d | ||
| 020 | |a 92-64-14671-7 | ||
| 035 | |l 10015370 | ||
| 040 | |a GR-MY-UA |b gre |e aacr | ||
| 041 | 0 | |a eng | |
| 082 | 0 | |a 363.7392 | |
| 110 | 2 | |a Organisation for Economic Co-operation and Development. | |
| 245 | 1 | 0 | |a Climate change, economic instruments and income distribution / |c OECD |
| 260 | |a Paris : |b OECD, |c 1995 | ||
| 300 | |a 67 p. |b tables | ||
| 650 | 0 | 0 | |a Carbon |x Taxation |x Economic aspects. |
| 650 | 0 | 0 | |a Climatic changes |x Economic aspects. |
| 852 | |a INST |b LESVOS |e 19960429 |h 363.7392 CLI |p 005100011346 |q 005100011346 |t BK |y 0 | ||
| 909 | |a Λ |b 044609 | ||
| 970 | |z 1999/08/06 |a ΚΑΜΑΤΣΟΥ |b ΔΕΣΠΟΙΝΑ | ||